|
|
|
|
| LEADER |
00000nab a2200000 4500 |
| 001 |
vtls012123375 |
| 003 |
SK-MaSNL |
| 005 |
20260318115251.0 |
| 008 |
220214c2020 xo er|n || ||00 c0ukr |
| 015 |
|
|
|a SNBRB2022/02
|
| 038 |
|
|
|a SVKPOCL
|
| 040 |
|
|
|a SVKPOCL
|b slo
|c SVKPOCL
|e rda
|
| 041 |
0 |
|
|a ukr
|
| 043 |
|
|
|a e-xo---
|
| 044 |
|
|
|a xo
|c SK
|
| 072 |
|
7 |
|a 316.3
|x Globálne spoločnosti. Sociálna štruktúra. Sociálne skupiny
|2 konspekt
|
| 072 |
|
7 |
|a 34
|x Právo
|2 konspekt
|
| 080 |
|
|
|a 34.04:005.745
|2 2011
|
| 080 |
|
|
|a (=161.25):34.04
|2 2011
|
| 080 |
|
|
|a (437.6)
|2 2011
|
| 080 |
|
|
|a 316.356.4
|2 2011
|
| 080 |
|
|
|a 005.745:34.04
|2 2011
|
| 080 |
|
|
|a 34.04:316.022.4(437.6)
|2 2011
|
| 080 |
|
|
|a 316.022.4(=161.25)
|2 2011
|
| 100 |
1 |
|
|a Medviď, Peter,
|d 1981-
|4 aut
|9 268505
|
| 245 |
1 |
0 |
|a Slovac'ka vlada schvalyla programove vŷhološiňa. Choče pryjaty menšŷnovŷj zakon
|c Petro Medvid'
|
| 246 |
3 |
3 |
|a Slovac'ka vlada schvalyla programove v'hološiňa. Choče pryjaty menšўnovўj zakon
|
| 300 |
|
|
|b Fotografie
|
| 336 |
|
|
|a text
|b txt
|2 rdacontent
|
| 337 |
|
|
|a bez média
|b n
|2 rdamedia
|
| 338 |
|
|
|a zväzok
|b nc
|2 rdacarrier
|
| 500 |
|
|
|a V rubrike Z domova
|
| 600 |
1 |
7 |
|a Bukovszky, László,
|d 1966-
|2 svkpocl
|9 101992
|
| 600 |
1 |
7 |
|a Dufala, Martin
|2 svkpocl
|9 1587113
|
| 600 |
1 |
7 |
|a Čaputová, Zuzana,
|d 1973-
|2 SNKMA
|9 117418
|
| 610 |
1 |
7 |
|a Slovensko.
|b Vláda.
|b Rada pre ľudské práva, národnostné menšiny a rodovú rovnosť.
|b Úrad splnomocnenca vlády Slovenskej republiky pre národnostné menšiny.
|b Výbor pre národnostné menšiny a etnické skupiny
|2 svkpocl
|9 1300465
|
| 630 |
0 |
7 |
|a Programové vyhlásenie vlády Slovenskej republiky na obdobie rokov 2020-2024
|2 svkpocl
|9 1605087
|
| 648 |
|
7 |
|a 21.3.2020
|2 svkpocl
|9 1338783
|
| 650 |
0 |
7 |
|a parlament a vláda
|2 SNKPH
|9 49948
|
| 650 |
0 |
7 |
|a rusínčina
|2 SNKPH
|9 51510
|
| 650 |
0 |
7 |
|a národnostné menšiny
|2 SNKPH
|9 2669
|
| 650 |
0 |
7 |
|a ochrana práv menšín
|2 svkpocl
|9 1604951
|
| 650 |
0 |
7 |
|a Rusíni
|2 SNKPH
|9 4087
|
| 650 |
0 |
7 |
|a legislatíva
|2 SNKPH
|9 121217
|
| 650 |
0 |
7 |
|a politika a vláda
|2 SNKPH
|9 3868
|
| 650 |
0 |
7 |
|a národnostné pomery
|2 SNKPH
|9 3861
|
| 651 |
|
7 |
|a Bratislava (Slovensko)
|2 SNKPHgeo
|9 14568
|
| 651 |
|
7 |
|a Slovensko
|2 SNKPHgeo
|9 14231
|
| 773 |
0 |
|
|t NN info Rusyn
|g Roč. XVII (29), č. 8 (2020), s. [1], 2
|x 2454-0013
|
| 852 |
|
|
|a SVKPO
|b KIS3GCP
|
| 958 |
|
|
|a RN
|
| 958 |
|
|
|a SS
|
| 958 |
|
|
|a SK
|
| 958 |
|
|
|a BX
|
| 958 |
|
|
|a NM
|
| 999 |
|
|
|c 3305104
|d 3307034
|